000 00536nam a22001937a 4500
999 _c524868
_d524868
003 NUST
020 _a978-969-593-212-4
038 _aFaiza
082 _a891.423
_bJBI
100 _aJbin, Shakila
_915665
245 _aChhakala /
_cShakila Jbin
260 _aLahore :
_bSanjh Publications,
_c2017.
300 _a152 p. ;
500 _aHard cover.
880 _6100-01\r
_aشکیلہ جبیں
880 _6245-02\r
_aچھکالا /
880 _6260-03\r
_aلاہور :
_bسانجھ پبلیکیشنز,
_c۲۰۱۷.
942 _2ddc
_cBK